<?xml version="1.0" encoding="UTF-8"?>
<record
    xmlns:xsi="http://www.w3.org/2001/XMLSchema-instance"
    xsi:schemaLocation="http://www.loc.gov/MARC21/slim http://www.loc.gov/standards/marcxml/schema/MARC21slim.xsd"
    xmlns="http://www.loc.gov/MARC21/slim">

  <leader>00965nam a22002657a 4500</leader>
  <datafield tag="952" ind1=" " ind2=" ">
    <subfield code="a">0001</subfield>
    <subfield code="b">0001</subfield>
    <subfield code="d">2023-02-15</subfield>
    <subfield code="l">0</subfield>
    <subfield code="o">320.561 E62f 2018</subfield>
    <subfield code="p">020719</subfield>
    <subfield code="r">2023-02-15 00:00:00</subfield>
    <subfield code="w">2023-02-15</subfield>
    <subfield code="y">BKS</subfield>
  </datafield>
  <datafield tag="999" ind1=" " ind2=" ">
    <subfield code="c">15148</subfield>
    <subfield code="d">15148</subfield>
  </datafield>
  <controlfield tag="003">MIRAKIL</controlfield>
  <controlfield tag="005">20230215114724.0</controlfield>
  <controlfield tag="008">230215b        tu ||||| |||| 00| 0 tur d</controlfield>
  <datafield tag="020" ind1=" " ind2=" ">
    <subfield code="a">9786053995210</subfield>
  </datafield>
  <datafield tag="040" ind1=" " ind2=" ">
    <subfield code="a">TR-AnCHP</subfield>
    <subfield code="c">TR-AnCHP</subfield>
  </datafield>
  <datafield tag="041" ind1=" " ind2=" ">
    <subfield code="a">tur</subfield>
  </datafield>
  <datafield tag="082" ind1=" " ind2=" ">
    <subfield code="a">320.561</subfield>
    <subfield code="b">E62f 2018</subfield>
  </datafield>
  <datafield tag="100" ind1=" " ind2=" ">
    <subfield code="a">Erdo&#x11F;an, Emre</subfield>
  </datafield>
  <datafield tag="245" ind1="1" ind2="0">
    <subfield code="a">Fanusta diyaloglar : </subfield>
    <subfield code="b">T&#xFC;rkiye'de kutupla&#x15F;man&#x131;n boyutlar&#x131; /</subfield>
    <subfield code="c"> Emre Erdo&#x11F;an - P&#x131;nar Uyan Semerci</subfield>
  </datafield>
  <datafield tag="246" ind1=" " ind2=" ">
    <subfield code="a">T&#xFC;rkiye'de kutupla&#x15F;man&#x131;n boyutlar&#x131;</subfield>
  </datafield>
  <datafield tag="260" ind1=" " ind2=" ">
    <subfield code="a">&#x130;stanbul : </subfield>
    <subfield code="b">&#x130;stanbul Bilgi &#xDC;niversitesi Yay&#x131;nlar&#x131;, </subfield>
    <subfield code="c">2018.</subfield>
  </datafield>
  <datafield tag="300" ind1=" " ind2=" ">
    <subfield code="a">161 s. : </subfield>
    <subfield code="b">grf., tbl. ; </subfield>
    <subfield code="c">23 sm.</subfield>
  </datafield>
  <datafield tag="490" ind1="0" ind2=" ">
    <subfield code="a">&#x130;stanbul Bilgi &#xDC;niversitesi Yay&#x131;nlar&#x131; ; </subfield>
    <subfield code="a"> Ara&#x15F;t&#x131;rma ; </subfield>
    <subfield code="v">631.</subfield>
    <subfield code="v">13.</subfield>
  </datafield>
  <datafield tag="504" ind1=" " ind2=" ">
    <subfield code="a">Kaynak&#xE7;a ve dizin vard&#x131;r.</subfield>
  </datafield>
  <datafield tag="650" ind1=" " ind2="0">
    <subfield code="9">9</subfield>
    <subfield code="a">Siyaset ve y&#xF6;netim</subfield>
    <subfield code="x">T&#xFC;rkiye</subfield>
  </datafield>
  <datafield tag="650" ind1=" " ind2="0">
    <subfield code="9">5</subfield>
    <subfield code="a">T&#xFC;rkiye</subfield>
    <subfield code="x">Siyasal kutupla&#x15F;ma</subfield>
  </datafield>
  <datafield tag="700" ind1="1" ind2=" ">
    <subfield code="9">4982</subfield>
    <subfield code="a">Semerci, Uyan P&#x131;nar</subfield>
  </datafield>
  <datafield tag="740" ind1=" " ind2=" ">
    <subfield code="a">T&#xFC;rkiye'de kutupla&#x15F;man&#x131;n boyutlar&#x131;</subfield>
  </datafield>
  <datafield tag="942" ind1=" " ind2=" ">
    <subfield code="2">ddc</subfield>
    <subfield code="c">BKS</subfield>
  </datafield>
</record>
